Języki według podpowiedzi - Statystyki

Ogólne statystyki
  • Ten quiz został rozwiązany 1 727 razy
    1 707 od ostatniego zresetowania
  • Średni wynik to 8 z 17
Statystyki odpowiedzi
Wskazówka Język % Poprawnych
Używa znaku "ß" Niemiecki
96%
Język z największą liczbą rodzimych użytkowników Mandaryński
89%
Pierwszy język użyty w kosmosie Rosyjski
82%
W tym języku została wydrukowana Biblia Gutenberga Łacina
75%
Ma trzy systemy zapisu: kanji, hiragana i katakana Japoński
70%
Ma dwa standardy piśmiennicze: Bokmål oraz Nynorsk Norweski
66%
Rosyjscy arystokraci powszechnie używali tego języka w rozmowach między sobą w XIX wieku Francuski
52%
"Simba" oznacza lwa w tym języku afrykańskim Suahili
44%
Język którym miał posługiwać się Jezus Chrystus Aramejski
40%
Język wymarły około 300 r n.e. odrodzony przez Eliezera ben Jehudę Hebrajski
35%
Znany także jako język farsi Perski
28%
Najpowszechniejszy język urzędowy w RPA Zulu
28%
Ma tylko 13 liter, przykładowe słowo to Humuhumunukunukuāpuaʻa Hawajski
21%
Jedyny urzędowy język Etiopii do 2020 Amharski
19%
Oficjalny język Paragwaju i jednocześnie nazwa jego waluty Guarani
14%
Luzofonia jest grupą etniczno-językową, która używa tego języka Portugalski
13%
Język używany w Indiach i Pakistanie, jest najpopularniejszym językiem, który nie jest urzędowym w żadnym państwie Pendżabski
12%
Nie znaleziono quizów pasujących do podanych kryteriów
Rozkład punktacji
Procent ludzi z każdym wynikiem
Percentyl według liczby udzielonych odpowiedzi
Twoja historia wyników
Nie rozwiązałeś tego quizu od ostatniego zresetowania